La música y sus instrumentos
I tiakina i:
| Kaituhi matua: | |
|---|---|
| Hōputu: | Pukapuka |
| Reo: | Pāniora |
| I whakaputaina: |
Madrid
Alianza
1986
|
| Rangatū: | El libro de Bolsillo. Alianza Editorial, 1192
|
| Ngā marau: | |
| Ngā Tūtohu: |
Tāpirihia he Tūtohu
Kāore He Tūtohu, Me noho koe te mea tuatahi ki te tūtohu i tēnei pūkete!
|
MARC
| LEADER | 00000nam a2200000 a 4500 | ||
|---|---|---|---|
| 001 | UCW8921 | ||
| 003 | CL-VaPUC | ||
| 008 | 881109e19860000SP |||||||||||||||||spa|d | ||
| 082 | 0 | 4 | |a 781.91 |b DON |2 21 |
| 100 | 0 | |a Donington, Robert |e author |9 314128 | |
| 245 | 1 | 3 | |a La música y sus instrumentos |
| 300 | |a 374 p | ||
| 942 | |c BK | ||
| 945 | |d 19881109 00:00:00 | ||
| 260 | |a Madrid |b Alianza |c 1986 | ||
| 650 | 0 | |a Instrumentos musicales |9 306600 | |
| 650 | 0 | |a Música |9 306269 | |
| 583 | |a last modification |c 19881109 00:00:00 |k Rodrigo Vera | ||
| 490 | 0 | |a El libro de Bolsillo. Alianza Editorial, 1192 | |
| 999 | |c 221097 |d 221095 | ||